| 000 | 01369aam a2200337 i 4500 | ||
|---|---|---|---|
| 001 | 768714001 | ||
| 003 | CO-MdFUSB | ||
| 005 | 20210309162717.0 | ||
| 007 | ta | ||
| 008 | 210112t1936 enk |||| |||| 00| 0 eng d | ||
| 020 | _a[No incluye ISBN] | ||
| 040 |
_bspa. _aCO-MdFUSB _cCO-MdFUSB _dCO-MdFUSBC _erda |
||
| 041 | _aeng | ||
| 082 | 0 | 4 |
_223 _a264 _bUN55 |
| 100 | 1 |
_aUnderhill, Evelyn _eautor |
|
| 245 | 1 | 0 |
_aWorship _c/ Evelyn Underhill |
| 264 | 1 |
_aLondon : _bNisbet, _c[1936] |
|
| 264 | 4 | _c© 1936 | |
| 300 |
_a350 páginas _c; 23 cm |
||
| 336 |
_atexto _btxt _2rdacontent |
||
| 337 |
_2rdamedia _asin mediación _bn |
||
| 338 |
_2rdacarrier _avolumen _bnc |
||
| 505 | _aLa naturaleza de la adoración - Rito y símbolo - Sacramento y sacrificio - Las características de la adoración cristiana - Los principios de la adoración colectiva - Elementos litúrgicos en la adoración - La Santa Eucaristía - Los principios de la adoración personal - Adoración judía - Los inicios de la adoración cristiana - Adoración católica - Adoración en las iglesias reformadas - Adoración de la iglesia libre - La tradición anglicana. | ||
| 563 | _aPasta dura | ||
| 650 | 0 |
_aIglesia _9941 _xHistoria _yEdad Media, 600-1500 |
|
| 650 | 0 |
_aAdoración _91066 |
|
| 650 | 7 |
_aRitos y ceremonias _9207 |
|
| 942 | _cBK | ||
| 945 | _aJTF-925 | ||
| 999 |
_c46147 _d46147 |
||